| 000 | 00810nam a2200277 a 4500 | ||
|---|---|---|---|
| 001 | 15541 | ||
| 003 | BD-RJUL | ||
| 005 | 20211208235834.0 | ||
| 008 | 161004s1967 nyua b 000 0 eng | ||
| 035 | _aBD-RJUL 15596 | ||
| 035 | _a(OCoLC)00558104 | ||
| 035 | _aGLIS00168295 | ||
| 040 |
_aDLC _cWSU _dOCL _dKKP _dSER _dMYG _beng |
||
| 041 | _aeng | ||
| 082 |
_223 _a596 _bTOM 1967 |
||
| 090 |
_aQL955 _b.T694 1967 |
||
| 099 | _aQL955.T694 1967 | ||
| 100 | 1 |
_aTorrey, Theodore W. _q(Theodore Willett), _d1907-1986. _9159217 |
|
| 245 | 1 | 0 |
_aMorphogenesis of the vertebrates / _c[by] Theodore W. Torrey. |
| 250 | _a2d ed. | ||
| 260 |
_aNew York : _bJ. Wiley _c[1967] |
||
| 300 |
_aix, 448 p. : _bill. ; _c27 cm. |
||
| 504 | _aIncludes bibliographies. | ||
| 650 | 0 |
_aVertebrates _9159218 |
|
| 942 |
_2ddc _cBK |
||
| 999 |
_c15541 _d15541 |
||